书目信息 |
| 题名: |
企业纳税筹划实用技巧与典型案例分析
|
|
| 作者: | 翟继光 , 袁芸 , 梁小斌 编著 | |
| 分册: | ||
| 出版信息: | 上海 立信会计出版社 2021.3 |
|
| 页数: | 13,381页 | |
| 开本: | 24cm | |
| 丛书名: | 著名税法专家、税务律师倾力打造经典纳税实用技巧丛书 | |
| 单 册: | ||
| 中图分类: | F810.423 | |
| 科图分类: | ||
| 主题词: | 企业管理--qi ye guan li--税收筹划--案例--中国 | |
| 电子资源: | ||
| ISBN: | 978-7-5429-6781-7 | |
| 000 | 01554oam2 2200277 450 | |
| 001 | 2156754295 | |
| 005 | 20211108094135.0 | |
| 010 | @a978-7-5429-6781-7@dCNY65.00 | |
| 100 | @a20210615d2021 em y0chiy0120 ea | |
| 101 | 0 | @achi |
| 102 | @aCN@b310000 | |
| 105 | @ay z 000yy | |
| 106 | @ar | |
| 200 | 1 | @a企业纳税筹划实用技巧与典型案例分析@Aqi ye na shui chou hua shi yong ji qiao yu dian xing an li fen xi@e2021年版@f翟继光,袁芸,梁小斌编著 |
| 210 | @a上海@c立信会计出版社@d2021.3 | |
| 215 | @a13,381页@d24cm | |
| 225 | 2 | @a著名税法专家、税务律师倾力打造经典纳税实用技巧丛书@Azhu ming shui fa zhuan jia shui wu lv shi qing li da zao jing dian na shui shi yong ji qiao cong shu |
| 330 | @a本书论述了企业投资决策纳税筹划方案、企业经营决策纳税筹划方案、企业融资决策纳税筹划方案、企业再投资与结业决策纳税筹划方案、企业跨国经营纳税筹划方案、企业薪金发放纳税筹划方案、企业增值税纳税筹划方案、企业消费税纳税筹划方案、企业营改增纳税筹划方案、房地产业纳税筹划方案、公司股权架构与纳税筹划以及纳税筹划与反避税经典案例分析。本书精选了近200个纳税筹划的常用方法和技巧,力求简明、实用、可操作,让读者在具体案例的演示中轻松掌握纳税筹划的精髓和要领。本书依据的法律法规和其他规范性文件截至2020年12月31日。 | |
| 461 | 0 | @12001 @a著名税法专家、税务律师倾力打造经典纳税实用技巧丛书 |
| 606 | 0 | @a企业管理@Aqi ye guan li@x税收筹划@x案例@y中国 |
| 690 | @aF810.423@v5 | |
| 701 | 0 | @a翟继光@Adi ji guang@4编著 |
| 701 | 0 | @a袁芸@Ayuan yun@4编著 |
| 701 | 0 | @a梁小斌@Aliang xiao bin@4编著 |
| 801 | 0 | @aCN@b百万庄@c20211108 |
| 905 | @b1313940-43@dF810.423@e94@f4 | |
| 企业纳税筹划实用技巧与典型案例分析:2021年版/翟继光,袁芸,梁小斌编著.-上海:立信会计出版社,2021.3 |
| 13,381页;24cm.-(著名税法专家、税务律师倾力打造经典纳税实用技巧丛书) |
| ISBN 978-7-5429-6781-7:CNY65.00 |
| 本书论述了企业投资决策纳税筹划方案、企业经营决策纳税筹划方案、企业融资决策纳税筹划方案、企业再投资与结业决策纳税筹划方案、企业跨国经营纳税筹划方案、企业薪金发放纳税筹划方案、企业增值税纳税筹划方案、企业消费税纳税筹划方案、企业营改增纳税筹划方案、房地产业纳税筹划方案、公司股权架构与纳税筹划以及纳税筹划与反避税经典案例分析。本书精选了近200个纳税筹划的常用方法和技巧,力求简明、实用、可操作,让读者在具体案例的演示中轻松掌握纳税筹划的精髓和要领。本书依据的法律法规和其他规范性文件截至2020年12月31日。 |
| ● |
| 相关链接 |
|
|
|
|
正题名:企业纳税筹划实用技巧与典型案例分析
索取号:F810.423/94
 
预约/预借
| 序号 | 登录号 | 条形码 | 馆藏地/架位号 | 状态 | 备注 |
| 1 | 1313940 | 213139405 | 第一样本阅览室/ [索取号:F810.423/94] | 在馆 | |
| 2 | 1313941 | 213139414 | 第一借阅区/ [索取号:F810.423/94] | 在馆 | |
| 3 | 1313942 | 213139423 | 第一借阅区/ [索取号:F810.423/94] | 在馆 | |
| 4 | 1313943 | 213139432 | 第一借阅区/ [索取号:F810.423/94] | 在馆 |